00295nam a22000977a 4500003000400000008004100004245005600045250004500101260002400146650002700170OSt201203b ||||| |||| 00| 0 eng d aSadhana Academy Proceedings in Engineering Sciences a2017(Nov Vol.42 No.11, Dec Vol.42 No.12) aBengalurubSpringer aMechanical Engineering